01286cam a2200289u 450000100060000000300080000600500170001400800390003103500190007004000330008904100080012208200160013010000370014624500640018326001640024730000200041150000400043150000320047150001370050350401080064060000380074860000690078683000270085570000530088270000250093583000360096018717BD-RjUL20211209000326.0140222r19591912cau b 000 0 eng a(BD-RjUL)18775 aDLCcCarPdDLCdBD-RjULbeng aeng a822.33bMAC1 aFoakes, R. A. [from old catalog]10aMacbeth :bSound recording /cR. A. Foakes and Kenneth Muir aSanta Monica, Calif. ;bBFA Educational Media;a[sole distributor in the United States and Canada: Holt Information Systems :aNew York,c1912 [reprinted 1959] a210 p. ;c22cm. aApproach to Shakespeare series, S3. aSussex tapes international. aDiscussion, followed by "readings of key scenes and extracts from the play, in rehearsal conditions" directed by John Russell Brown. aBooklet containing notes on the discussion, study questions, and bibliography (6 p.) laid in container.10aShakespeare, William,d1564-1616.00aMacbeth,cKing of Scotland,dactive 11th centuryxIn literature. 0vS3. [from old catalog]1 aMuir, Kenneth, [from old catalog]ejoint author.1 aBrown, John Russell. 0aApproach to Shakespeare series,